000 00897nam2a2200205 4500
001 RU\NLR\PER_A\002285415_000710
005 20250627144221.0
035 _a(NLR Aleph) 022498783
090 _a13386524
_c13386524
100 _a20250321d2024 |||y0rusy50 ca
101 0 _arus
102 _aRU
200 0 _a№ 67
210 _d2024
_aБ. м.
461 0 _1001RU\NLR\INFOCOMM29\5000545707
_12001#$aВопросы кредитной кооперации$eИнформ.-аналит. журн.$fЮж.-Рос. ассоц. кредит. союзов$v№ 67
_94082120
_cРостов н/Д.
_d2002 -
_fЮж.-Рос. ассоц. кредит. союзов
_nЮж.-Рос. ассоц. кредит. союзов
_oИнформ.-аналит. журн.
_tВопросы кредитной кооперации
_v№ 67
852 _aNLR
_jП22/7772
942 _cISSUE
980 _aRUSPER
980 _aNB